00271nam a2200097Ia 4500008004100000020002200041082001900063100002500082245005800107300000800165210430s9999 xx 000 0 und d a978-81-265-1702-2 a537.622 S9971P aS.M. Sze, Kwok K. Ng aPhysics of Emiconductor DevicescS.M. Sze, Kwok K. Ng a815